<?xml version="1.0" encoding="UTF-8"?>
<collection xmlns="http://www.loc.gov/MARC21/slim">
 <record>
  <leader>02359nab a2200277 i 4500</leader>
  <controlfield tag="001">acta80060</controlfield>
  <controlfield tag="005">20230826090708.0</controlfield>
  <controlfield tag="008">230728s2002    hu      o     0||   hun d</controlfield>
  <datafield tag="022" ind1=" " ind2=" ">
   <subfield code="a">0422-9576</subfield>
  </datafield>
  <datafield tag="040" ind1=" " ind2=" ">
   <subfield code="a">SZTE Egyetemi Kiadványok Repozitórium</subfield>
   <subfield code="b">hun</subfield>
  </datafield>
  <datafield tag="041" ind1=" " ind2=" ">
   <subfield code="a">hun</subfield>
  </datafield>
  <datafield tag="041" ind1=" " ind2=" ">
   <subfield code="a">eng</subfield>
  </datafield>
  <datafield tag="041" ind1=" " ind2=" ">
   <subfield code="a">ger</subfield>
  </datafield>
  <datafield tag="100" ind1="2" ind2=" ">
   <subfield code="a">Baráné Herczegh Ottilia</subfield>
  </datafield>
  <datafield tag="245" ind1="1" ind2="0">
   <subfield code="a">Másodlagos proteolitikus jellemzők alkalmazása hazai félkemény sajtok minősítésére, érettségi állapotának jellemzésére</subfield>
   <subfield code="h">[elektronikus dokumentum] /</subfield>
   <subfield code="c"> Baráné Herczegh Ottilia</subfield>
  </datafield>
  <datafield tag="260" ind1=" " ind2=" ">
   <subfield code="a">Q &amp; M Kft.</subfield>
   <subfield code="b">Budapest</subfield>
   <subfield code="c">2002</subfield>
  </datafield>
  <datafield tag="300" ind1=" " ind2=" ">
   <subfield code="a">41-56</subfield>
  </datafield>
  <datafield tag="490" ind1="0" ind2=" ">
   <subfield code="a">Élelmiszervizsgálati közlemények</subfield>
   <subfield code="v">48 No. 1-2</subfield>
  </datafield>
  <datafield tag="520" ind1="3" ind2=" ">
   <subfield code="a">Hazai félkemény sajtok (Trappista és Hajdú sajt) másodlagos fehérjebomlással keletkezõ, proteolitikus jellemzõit határozták meg a gyártástól eltelt idõ (érlelési és minõségmegõrzési idõtartam) függvényében. Statisztikai jellemzõkkel igazolható összefüggést találtak a sajtok kora, érettségi állapota és a proteolitikus adatok változása között. A sajt kora a meghatározott paraméterekbõl becsülhetõ. Hungarian semi-hard cheeses (Trappist and Hajdú) were characterised by secondary proteolytic parameters during ripening and self-life. Using statistical characteristics the age and the quality of cheeses is connected with the products of secondary proteolysis. The age can be estimated from the determined parameters. Es wurden die infolge des sekundären Eiweissabbaus entstehenden proteolytischen Kennwerte von ungarischen halbfesten Käsesorten (Trappista und Hajdú) wärend der Reifungs- und Haltbarkeitszeit untersucht. Die Ergebnisse wurden mit statistischen Methoden bewertet. Zwischen der Altersstufe, dem Reifungszustand und den proteolytischen Kennwerten der Käsensorten wurden Zusammenhänge festgestellt, wodurch das Alter des Käse geschätzt werden kann.</subfield>
  </datafield>
  <datafield tag="650" ind1=" " ind2="4">
   <subfield code="a">Műszaki és technológiai tudományok</subfield>
  </datafield>
  <datafield tag="650" ind1=" " ind2="4">
   <subfield code="a">Egyéb műszaki tudományok és technológiák</subfield>
  </datafield>
  <datafield tag="650" ind1=" " ind2="4">
   <subfield code="a">Élelmiszer és italfélék</subfield>
  </datafield>
  <datafield tag="695" ind1=" " ind2=" ">
   <subfield code="a">Élelmiszervizsgálat - analitikai kémia - módszer, Élelmiszerkémia, Sajt</subfield>
  </datafield>
  <datafield tag="700" ind1="0" ind2="2">
   <subfield code="a">Horváthné Almássy Katalin</subfield>
   <subfield code="e">aut</subfield>
  </datafield>
  <datafield tag="700" ind1="0" ind2="2">
   <subfield code="a">Örsi Ferenc</subfield>
   <subfield code="e">aut</subfield>
  </datafield>
  <datafield tag="856" ind1="4" ind2="0">
   <subfield code="u">http://acta.bibl.u-szeged.hu/80060/1/elelmiszervizsgalati_kozlemenyek_2002_01-02_041-056.pdf</subfield>
   <subfield code="z">Dokumentum-elérés </subfield>
  </datafield>
 </record>
</collection>
